|
|
|
|
| LEADER |
00000nab a2200000 a 4500 |
| 001 |
vtls000282869 |
| 003 |
SK-MaSNL |
| 005 |
20260304213823.0 |
| 008 |
160215c1987 xo 0 slo |
| 015 |
|
|
|a SNBRB19rr/mm-uuuuu
|
| 035 |
|
|
|a CL0292987
|
| 040 |
|
|
|a SNKBUCL
|b slo
|c SNKBUCL
|e AACR2
|
| 041 |
0 |
|
|a slo
|
| 044 |
|
|
|a xo
|c SK
|
| 080 |
|
|
|a 58-051
|2 1981
|
| 080 |
|
|
|a 929 Holuby, Jozef Ľudovít
|2 1981
|
| 100 |
1 |
|
|a Benčať, František,
|d 1929-2010
|4 aut
|9 101234
|
| 245 |
1 |
0 |
|a K 150. výročiu narodenia Dr. Jozefa Ľudovíta Holubyho
|c F. Benčať
|
| 600 |
1 |
7 |
|a Holuby, Jozef Ľudovít,
|d 1836-1923
|2 snkbucl
|9 113983
|
| 655 |
|
7 |
|a články z novín a časopisov
|2 snkbucl
|9 267496
|
| 773 |
0 |
|
|t Biológia
|g Roč. 42, č. 1 (1987), s. 95-96
|
| 850 |
|
|
|a Slovenská národná knižnica v Martine
|a MTA001
|
| 852 |
|
|
|a SNK
|b KIS3GCP
|
| 958 |
|
|
|a BX
|
| 958 |
|
|
|a RK
|
| 992 |
|
|
|a RBX
|
| 999 |
|
|
|c 3137813
|d 3139743
|